Violence and childhood in the inner city /

Bibliographic Details
Other Authors: McCord, Joan
Format: Book
Language:English
Published: Cambridge, UK ; New York : Cambridge University Press, 1997.
Series:Cambridge criminology series.
Subjects:

MARC

Tag First Indicator Second Indicator Subfields
LEADER 00000cam a2200000 a 4500
001 in00001402837
005 20151020053046.0
008 961122s1997 enk b 001 0 eng
010 |a  96040019  
020 |a 0521583268 
020 |a 0521587204 (pbk.) 
035 |a (OCoLC)36045963 
035 |9 AHM6866AM 
040 |a DLC  |c DLC  |d TXA  |d UtOrBLW 
043 |a n-us--- 
049 |a TXAM 
050 0 0 |a HN90.V5  |b V532 1997 
082 0 0 |a 303.6/0973  |2 21 
245 0 0 |a Violence and childhood in the inner city /  |c edited by Joan McCord. 
264 1 |a Cambridge, UK ;  |a New York :  |b Cambridge University Press,  |c 1997. 
300 |a xiii, 334 pages ;  |c 24 cm. 
336 |a text  |b txt  |2 rdacontent 
337 |a unmediated  |b n  |2 rdamedia 
338 |a volume  |b nc  |2 rdacarrier 
490 1 |a Cambridge criminology series 
504 |a Includes bibliographical references and indexes. 
650 0 |a Violence  |z United States. 
650 0 |a Inner cities  |z United States. 
650 0 |a Children and violence  |z United States. 
650 0 |a Violence in children  |z United States. 
650 0 |a City children  |z United States. 
650 0 |a Urban youth  |z United States. 
700 1 |a McCord, Joan. 
830 0 |a Cambridge criminology series. 
999 |a MARS 
999 f f |s 3c870fca-7259-3568-b4c2-7076ebb4370a  |i b2e55652-392d-3b44-a852-eebc230f07cc  |t 0 
952 f f |p ric  |a Texas A&M University  |b Rellis Campus  |c Joint Library Facility  |d Remote Storage  |t 0  |e HN90.V5 V532 1997  |h Library of Congress classification  |i unmediated -- volume  |m A14822044548 
998 f f |a HN90.V5 V532 1997  |t 0  |l Remote Storage